Менеджмент интеллектуального капитала: теория и практика: учебник для магистров

Detaylı Bibliyografya
Yazar: Лукичёва Л. И. Любовь Ивановна
Diğer Yazarlar: Еленева Ю. А. Юлия Александровна, Егорычева Е. В. Екатерина Викторовна
Özet:Учебник содержит теоретические основы управления интеллектуальным капиталом современных предприятий и практикум, включающий комплекс практических занятий с рекомендациями по их выполнению, контрольные вопросы по главам, задачи и кейсы для анализа. Принципиальное отличие издания — ориентация на компетентностный подход при изложении теоретического материала и примеров, а также оригинальные практические задания, предусматривающие использование активных форм обучения. Предназначен для магистров, обучающихся по направлению 222600 «Организация и управление наукоемкими производствами» (может быть использован также обучающимися по направлению 080200 «Менеджмент»), аспирантов, преподавателей, молодых специалистов и управленцев, повышающих квалификацию с целью успешного овладения компетенциями, необходимыми для эффективной деятельности менеджеров.
Dil:Rusça
Baskı/Yayın Bilgisi: Москва, Омега-Л, 2014
Seri Bilgileri:Бакалавр - Магистр
Konular:
Materyal Türü: Kitap
KOHA link:https://koha.lib.tpu.ru/cgi-bin/koha/opac-detail.pl?biblionumber=265782

MARC

LEADER 00000nam0a2200000 4500
001 265782
005 20231101233941.0
010 |a 9785370031373 
035 |a (RuTPU)RU\TPU\book\288784 
090 |a 265782 
100 |a 20140630d2014 m y0rusy50 ca 
101 0 |a rus 
102 |a RU 
105 |a a j 001zy 
200 1 |a Менеджмент интеллектуального капитала: теория и практика  |e учебник для магистров  |f Л. И. Лукичёва, Ю. А. Еленева, Е. В. Егорычева 
210 |a Москва  |c Омега-Л  |d 2014 
215 |a 323 с.  |c ил. 
225 1 |a Бакалавр - Магистр 
320 |a Библиогр. в конце гл. 
330 |a Учебник содержит теоретические основы управления интеллектуальным капиталом современных предприятий и практикум, включающий комплекс практических занятий с рекомендациями по их выполнению, контрольные вопросы по главам, задачи и кейсы для анализа. Принципиальное отличие издания — ориентация на компетентностный подход при изложении теоретического материала и примеров, а также оригинальные практические задания, предусматривающие использование активных форм обучения. Предназначен для магистров, обучающихся по направлению 222600 «Организация и управление наукоемкими производствами» (может быть использован также обучающимися по направлению 080200 «Менеджмент»), аспирантов, преподавателей, молодых специалистов и управленцев, повышающих квалификацию с целью успешного овладения компетенциями, необходимыми для эффективной деятельности менеджеров. 
606 1 |a Интеллектуальная собственность  |x Экономика  |2 stltpush  |3 (RuTPU)RU\TPU\subj\71439  |9 85346 
606 1 |a Непроизводственная сфера  |x Экономика  |2 stltpush  |3 (RuTPU)RU\TPU\subj\36505  |9 57859 
610 1 |a экономика 
610 1 |a интеллектуальный капитал 
610 1 |a интеллектуальный менеджмент 
610 1 |a управление 
610 1 |a человеческий капитал 
610 1 |a интеллектное управление 
610 1 |a интеллектуальная собственность 
610 1 |a интеллектуальные активы 
610 1 |a авторские права 
610 1 |a патентные права 
610 1 |a ноу-хау 
610 1 |a оценка 
610 1 |a бухгалтерский учет 
610 1 |a нематериальные активы 
610 1 |a предприятия 
610 1 |a налогообложение 
610 1 |a практические задания 
610 1 |a учебные пособия 
686 |a У9(2)49я73  |v LBC/SL-A  |2 rubbk 
700 1 |a Лукичёва  |b Л. И.  |g Любовь Ивановна 
701 1 |a Еленева  |b Ю. А.  |g Юлия Александровна 
701 1 |a Егорычева  |b Е. В.  |g Екатерина Викторовна 
801 1 |a RU  |b 63413507  |c 20140630 
801 2 |a RU  |b 63413507  |c 20150629  |g RCR 
900 |a Менеджмент 
942 |c BK 
951 |b 222600  |b 080200  |l 8.3 
959 |a 111/20140630  |d 2  |e 359,00  |f ЧЗГЛ:1  |f АНЛ:1